000 00407 a2200121 4500
001 ART_5545
005 20260410161616.0
008 260409a
245 1 0 _aLas irregularidades contables como disparadores de un debate conceptual profundo
100 1 _aCanetti, Miguel Marcelo
700 1 _aRodríguez de Ramírez, María del Carmen
773 0 _tEnfoques
_g- Nº 1 (ene. 2006)
_wREV416
999 _c11118
_d11118